01012nam a22003017a 4500003000500000005001700005008004100022010001000063011001000073035001000083040000900093082001500102100003800117245003500155260003000190300001100220490003700231500006700268590004100335590004200376650004200418830004400460901000700504942001000511949004300521999001700564952012900581CHAP20220329140604.0971013s1938 us r 00010 eng d a54355 a55327 a59479 cCHAP04a615.91bR600aWilson, Mildred A.ecomp.91222261 aBibliography on highway safety aWashington :bUSDA,c1938 a136 p. aMiscellaneous publicationv; 296 aEncuadernado con: Roarck, R.C. A. bibliography of chloropicrin aBATCH-UPDb10c20130110lUCH01h0651 aCONVERSIONb10c20130109lUCH01h132914aCaminosxMedidas de seguridad.9178620 aMiscellaneous publicationv; 296976163 aBK cLIBRO a615.91 R6bBCcCd-128562eCi59479si c54355d54355 00102ddc4051708CaBCbBCcPA_CONSULTAd2012-12-17fLIBROl0o615.91 R6p-128562r2019-12-31 00:00:00w2012-12-17yLIBRO